[Event "POL-chT2"]
[Site "Jastrzebia Gora POL"]
[Date "2016.09.??"]
[Round "3.20"]
[White "Luch, Michal"]
[Black "Stoma, Pawel"]
[Result "1-0"]
[WhiteElo "2436"]
[BlackElo "2346"]
[EventDate "2016.09.05"]

1.Nf3 d5 2.c4 c6 3.e3 Nf6 4.Nc3 a6 5.Qc2 g6 6.d4 Bg7 7.Bd2 O-O 8.Rc1 Nbd7 
9.cxd5 cxd5 10.Be2 b6 11.Nxd5 Nxd5 12.Qc6 Rb8 13.Qxd5 Bb7 14.Qb3 e5 15.Bb4
Re8 16.Bd6 exd4 17.Bxb8 Nc5 18.Rxc5 Bxf3 19.Bxf3 bxc5 20.Bg3 dxe3 21.fxe3 
c4 22.Qxc4 Rxe3+ 23.Be2 Qa5+ 24.b4 Qb6 25.Bf2 Bh6 26.O-O 1-0

[Event "POL-chT2"]
[Site "Jastrzebia Gora POL"]
[Date "2016.09.??"]
[Round "3.21"]
[White "Lobejko, Rafal"]
[Black "Butkiewicz, Lukasz"]
[Result "1/2-1/2"]
[WhiteElo "2341"]
[BlackElo "2441"]
[EventDate "2016.09.05"]

1.c4 f5 2.d4 Nf6 3.Nc3 d6 4.Nf3 g6 5.g3 Bg7 6.Bg2 O-O 7.O-O Nc6 8.d5 Na5 
9.Qc2 c5 10.dxc6 Nxc6 11.Rd1 Kh8 12.Nd5 Nxd5 13.cxd5 Ne5 14.Be3 Nxf3+ 15.
Bxf3 Bd7 16.Qb3 b5 17.h4 Qa5 18.Bd4 f4 19.Bxg7+ Kxg7 20.Rd4 Qb6 21.Rad1 
fxg3 22.fxg3 Rac8 23.Kg2 Rf7 24.Qe3 h6 25.Qd2 Qc5 26.Rf4 Rxf4 27.Qxf4 Rf8 
28.Qd2 Rc8 29.Qf4 Rf8 30.Qd2 Rc8 31.Qf4 Rf8 1/2-1/2

[Event "POL-chT2"]
[Site "Jastrzebia Gora POL"]
[Date "2016.09.??"]
[Round "3.22"]
[White "Plichta, Kamil"]
[Black "Miroslaw, Michal"]
[Result "0-1"]
[WhiteElo "2342"]
[BlackElo "2283"]
[EventDate "2016.09.05"]

1.d4 d5 2.c4 e6 3.g3 Nf6 4.Bg2 Be7 5.Nf3 O-O 6.O-O Nbd7 7.Nbd2 c6 8.Qc2 b6
9.e4 dxe4 10.Nxe4 Bb7 11.Rd1 Nxe4 12.Qxe4 Nf6 13.Qe2 Qc7 14.b3 Rad8 15.Bf4
Qc8 16.Bh3 Nh5 17.Be5 g6 18.g4 Ng7 19.Qe3 f6 20.Bg3 Rfe8 21.Bg2 c5 22.dxc5
Qxc5 23.Qc3 e5 24.Ne1 Bxg2 25.Kxg2 Ne6 26.Nc2 Qc6+ 27.Qf3 e4 28.Qe2 f5 29.
gxf5 gxf5 30.f4 Rd3 31.Ne1 Nd4 32.Qh5 Bc5 33.Nxd3 exd3+ 34.Kh3 Re6 35.Bh4 
Re3+ 36.Bg3 Re6 37.Bh4 Rg6 38.Rg1 Ne2 39.Rxg6+ hxg6 40.Qg5 Be7 41.Qh6 Bxh4
42.Kxh4 Qg2 0-1

[Event "POL-chT2"]
[Site "Jastrzebia Gora POL"]
[Date "2016.09.??"]
[Round "3.23"]
[White "Panas, Pawel"]
[Black "Bronowicki, Mateusz"]
[Result "1/2-1/2"]
[WhiteElo "2100"]
[BlackElo "2277"]
[EventDate "2016.09.05"]

1.Nf3 g6 2.c4 Bg7 3.g3 f5 4.Bg2 Nf6 5.d4 O-O 6.b3 d6 7.Bb2 Qe8 8.Qc2 h6 9.
O-O g5 10.d5 c5 11.dxc6 Nxc6 12.Nc3 Qf7 13.a3 Be6 14.Nb5 Bd7 15.Rad1 a6 
16.Nbd4 Ng4 17.Nxc6 Bxc6 18.h3 Bxb2 19.Qxb2 Nf6 20.Nd4 Bxg2 21.Kxg2 Ne4 
22.f3 Nc5 23.e3 Ne6 24.Rfe1 Qf6 25.Qd2 Nc5 26.b4 Ne6 27.Nxe6 Qxe6 28.Qd5 
Qxd5 29.cxd5 Rfc8 30.Rc1 Kf7 31.f4 e6 32.dxe6+ Kxe6 33.Kf3 d5 34.g4 Rc4 
35.gxf5+ Kxf5 36.fxg5 hxg5 37.Rcd1 Ke5 38.Rg1 Rf8+ 39.Ke2 Rf5 40.Rg3 b5 
41.Rd2 Rc3 42.Rxd5+ Kxd5 43.e4+ Kxe4 44.Rxc3 Rf6 45.Re3+ Kd4 46.Rd3+ Ke4 
47.Re3+ Kd4 48.Rd3+ 1/2-1/2

[Event "POL-chT2"]
[Site "Jastrzebia Gora POL"]
[Date "2016.09.??"]
[Round "3.24"]
[White "Przezdziecka, Ewa"]
[Black "Toma, Katarzyna"]
[Result "1/2-1/2"]
[WhiteElo "2173"]
[BlackElo "2259"]
[EventDate "2016.09.05"]

1.d4 Nf6 2.c4 g6 3.Nc3 d5 4.Bf4 Bg7 5.e3 c6 6.Rc1 O-O 7.Nf3 h6 8.cxd5 Nxd5
9.Nxd5 Qxd5 10.Bc4 Qa5+ 11.Qd2 Qxd2+ 12.Kxd2 Bf5 13.Be5 g5 14.Ke2 Nd7 15.
Bxg7 Kxg7 16.Ne5 Rad8 17.Rhd1 Kf6 18.Nxd7+ Rxd7 19.Bd3 Be6 20.Bc4 Rfd8 21.
f3 Bxc4+ 22.Rxc4 e6 23.Rc5 Rd5 24.Rxd5 Rxd5 25.Rd3 Ra5 26.Rb3 b6 27.a3 Ke7
28.Kd2 Kd6 29.g3 h5 30.e4 f5 31.Ke3 fxe4 32.fxe4 c5 33.Rd3 c4 34.Rc3 Rb5 
35.Rc2 Rb3+ 36.Ke2 b5 37.Rd2 h4 38.gxh4 gxh4 39.Kf2 Rh3 40.Ke1 a5 41.Rc2 
Rb3 42.Kd1 h3 43.Ke1 b4 44.axb4 axb4 45.Kf2 Ke7 46.Rxc4 Rxb2+ 47.Kg3 Rb3+ 
48.Kg4 Kd6 49.Kh4 1/2-1/2

[Event "POL-chT2"]
[Site "Jastrzebia Gora POL"]
[Date "2016.09.??"]
[Round "3.25"]
[White "Szelag, Marcin"]
[Black "Jarmula, Lukasz"]
[Result "1-0"]
[WhiteElo "2449"]
[BlackElo "2350"]
[EventDate "2016.09.05"]

1.e4 c5 2.Nf3 d6 3.d4 cxd4 4.Nxd4 Nf6 5.Nc3 a6 6.Be3 e5 7.Nb3 Be7 8.Qd2 
O-O 9.f3 Be6 10.O-O-O a5 11.a4 Nc6 12.g4 Nb4 13.Kb1 Rc8 14.g5 Nd7 15.f4 f6
16.f5 Bxb3 17.cxb3 fxg5 18.Bc4+ Kh8 19.Rhg1 Nf6 20.Rxg5 d5 21.exd5 Ne8 22.
Rh5 Nf6 23.Rh3 Qd7 24.Rf3 Bd6 25.Bg5 e4 26.Rff1 Be5 27.d6 Rc6 28.Bb5 Qxd6 
29.Bxc6 Qxc6 30.Bxf6 Bxf6 31.Qd6 Qc8 32.Qe6 Qc7 33.Qxe4 Bxc3 34.bxc3 Qxc3 
35.Rf3 Qc5 36.h4 h6 37.f6 gxf6 38.Qg6 Qe7 39.Qxh6+ Qh7+ 40.Qxh7+ Kxh7 41.
Rd7+ Kg6 42.Rxb7 Re8 43.Rb5 Re1+ 44.Kb2 Re2+ 45.Kc3 Rc2+ 46.Kd4 Rh2 47.h5+
Kf7 48.Rbf5 Nc6+ 49.Ke4 1-0

[Event "POL-chT2"]
[Site "Jastrzebia Gora POL"]
[Date "2016.09.??"]
[Round "3.26"]
[White "Shkapenko, Pavel"]
[Black "Przybylski, Wojciech"]
[Result "0-1"]
[WhiteElo "2426"]
[BlackElo "2364"]
[EventDate "2016.09.05"]

1.e4 e5 2.Nf3 Nc6 3.Bc4 Nf6 4.Ng5 d5 5.exd5 Na5 6.Bb5+ c6 7.dxc6 bxc6 8.
Bd3 Bd6 9.Nc3 O-O 10.O-O Bc7 11.b4 Nb7 12.Qf3 h6 13.Nge4 Nd5 14.b5 Nf4 15.
Bc4 Na5 16.d3 Nxc4 17.Bxf4 Na3 18.Bxh6 gxh6 19.Nf6+ Kg7 20.Nce4 Rh8 21.
bxc6 Nxc2 22.Rac1 Nd4 23.Qg3+ Kf8 24.Rfe1 Rb8 25.h3 Rb2 26.Rc5 Rb5 27.Rxb5
Nxb5 28.Qe3 Qd4 29.Qc1 Nd6 30.Re3 Bf5 31.Rg3 Bg6 32.h4 Bxe4 33.dxe4 Nxe4 
34.Nxe4 Qxe4 35.Qc5+ Ke8 36.Re3 Qb1+ 37.Kh2 f6 38.Qxa7 Rh7 39.Qa6 Qf5 40.
Qa8+ Kf7 41.Qb7 Qf4+ 42.Kg1 e4 43.Qb3+ Kf8 44.Qb4+ Re7 45.g3 Qe5 46.Ra3 
Kg7 47.Qc4 f5 48.Ra8 Rf7 49.Qe2 Qc5 50.Kg2 Kh7 51.Ra4 e3 52.Rc4 Qd5+ 53.
Kg1 exf2+ 54.Kxf2 Bb6+ 55.Ke1 Bc5 56.Rc2 Qxc6 57.Kd1 Qh1+ 58.Kd2 Bb4+ 0-1

[Event "POL-chT2"]
[Site "Jastrzebia Gora POL"]
[Date "2016.09.??"]
[Round "3.27"]
[White "Urban, Klaudiusz"]
[Black "Mickiewicz, Piotr"]
[Result "1/2-1/2"]
[WhiteElo "2419"]
[BlackElo "2367"]
[EventDate "2016.09.05"]

1.d4 Nf6 2.c4 g6 3.Nf3 Bg7 4.g3 O-O 5.Bg2 d6 6.Nc3 Nc6 7.O-O Bg4 8.Be3 e5 
9.dxe5 dxe5 10.Qb3 Qc8 11.Rfd1 Re8 12.Rd2 h6 13.Ne1 Be6 14.Nd5 Ng4 15.Bc5 
Na5 16.Qc2 Nxc4 17.Rdd1 Kh8 18.Qxc4 c6 19.Rac1 cxd5 20.Bxd5 Nf6 21.Bxe6 
Qxe6 22.Qxe6 Rxe6 23.Ba3 Kg8 24.Rc7 b6 25.Be7 e4 26.b3 Bf8 27.Bxf8 Kxf8 
28.Ng2 Re7 29.Rc6 Kg7 30.Ne3 Rae8 31.Rdd6 Re6 32.Rxe6 Rxe6 33.Rc7 a5 34.
Kf1 Rd6 35.Ke1 Nd5 36.Nxd5 Rxd5 37.Re7 Rd4 38.e3 Rb4 39.Kd2 Kf6 40.Rb7 Ke6
41.Kc3 Rb5 42.h4 h5 43.a3 Rc5+ 44.Kd4 Rb5 45.Kc4 Rc5+ 46.Kd4 Rb5 47.Kc4 
Rc5+ 1/2-1/2

[Event "POL-chT2"]
[Site "Jastrzebia Gora POL"]
[Date "2016.09.??"]
[Round "3.28"]
[White "Bartel, Michal"]
[Black "Schmidt, Wlodzimierz"]
[Result "1/2-1/2"]
[WhiteElo "2327"]
[BlackElo "2305"]
[EventDate "2016.09.05"]

1.e4 c5 2.Nf3 e6 3.d4 cxd4 4.Nxd4 Nc6 5.Nc3 Qc7 6.g3 a6 7.Bg2 d6 8.O-O Bd7
9.Re1 Be7 10.Nxc6 Bxc6 11.Qg4 h5 12.Qe2 h4 13.a4 hxg3 14.hxg3 Nf6 15.Be3 
Rc8 16.Bd4 e5 17.Be3 Bd7 18.a5 Be6 19.Bb6 Qd7 20.Rad1 Kf8 21.Rd2 g6 22.f4 
Bc4 23.Qf3 Qg4 24.fxe5 Qxf3 25.Bxf3 dxe5 26.Nd5 Bxd5 27.exd5 Bd6 28.g4 Nd7
29.g5 Nxb6 30.axb6 Rh4 31.Re4 Rxe4 32.Bxe4 Rc4 33.Re2 Rb4 34.c3 Rxb6 35.b4
a5 36.bxa5 Rb3 37.c4 Ke7 38.Kg2 Bc5 39.Bf3 Kd6 40.Ra2 Ba3 41.Rf2 Rb2 42.
Be2 Bc5 43.Rf6+ Ke7 44.Kf1 Ra2 45.d6+ Bxd6 46.Bf3 Rxa5 47.Bxb7 Ba3 48.Bd5 
Bc1 49.Rxf7+ Kd8 1/2-1/2

[Event "POL-chT2"]
[Site "Jastrzebia Gora POL"]
[Date "2016.09.??"]
[Round "3.29"]
[White "Diczew, Filip"]
[Black "Czajkowski, Adam"]
[Result "1-0"]
[WhiteElo "2139"]
[BlackElo "2095"]
[EventDate "2016.09.05"]

1.e4 c5 2.Nf3 e6 3.d4 cxd4 4.Nxd4 a6 5.Bd3 Bc5 6.Nb3 Be7 7.O-O Nc6 8.Be3 
Nf6 9.f4 d6 10.c4 b6 11.Nc3 Bb7 12.Rc1 Rc8 13.Qe2 O-O 14.Rfd1 Nd7 15.Bb1 
Re8 16.Nd4 Qc7 17.Nf3 Qb8 18.e5 Red8 19.exd6 Bxd6 20.Bxh7+ Kxh7 21.Ng5+ 
Kg8 22.Qh5 Nce5 23.fxe5 Nxe5 24.Rf1 Rd7 25.Qh7+ Kf8 26.Nxe6+ Ke7 27.Bg5+ 
1-0

[Event "POL-chT2"]
[Site "Jastrzebia Gora POL"]
[Date "2016.09.??"]
[Round "3.30"]
[White "Gasik, Anna"]
[Black "Warakomska, Anna"]
[Result "0-1"]
[WhiteElo "2184"]
[BlackElo "2267"]
[EventDate "2016.09.05"]

1.e4 e5 2.Nf3 Nc6 3.Bb5 a6 4.Ba4 Nf6 5.Qe2 Be7 6.c3 b5 7.Bc2 d6 8.h3 Bb7 
9.O-O O-O 10.a4 b4 11.d4 bxc3 12.bxc3 exd4 13.Nxd4 Re8 14.Nd2 Bf8 15.Rb1 
Na5 16.Nc4 Nxc4 17.Rxb7 d5 18.e5 Rxe5 19.Qf3 Qc8 20.Rb1 c5 21.Nf5 Ne4 22.
Ng3 Qc6 23.Bf4 Ree8 24.Rfd1 Na3 25.Rb2 Nxc2 26.Rxc2 Qxa4 27.Rcc1 Rad8 28.
Nf5 Qc6 29.g4 Qe6 30.Ra1 g6 31.Ng3 Nxg3 32.Bxg3 Bg7 33.Ra5 d4 34.Rxc5 dxc3
35.Rc1 Qe2 36.Qf4 Qd2 37.Rc6 Be5 0-1

[Event "POL-chT2"]
[Site "Jastrzebia Gora POL"]
[Date "2016.09.??"]
[Round "4.1"]
[White "Pakleza, Zbigniew"]
[Black "Jarmula, Lukasz"]
[Result "1/2-1/2"]
[WhiteElo "2520"]
[BlackElo "2350"]
[EventDate "2016.09.05"]

1.Nf3 Nf6 2.c4 g6 3.b3 Bg7 4.Bb2 O-O 5.g3 d6 6.d4 Nbd7 7.Bg2 c6 8.O-O Re8 
9.Nc3 e5 10.e3 exd4 11.exd4 d5 12.cxd5 Nxd5 13.Nxd5 cxd5 14.Rc1 Nf6 15.Ne5
Be6 16.Qd2 Qb6 17.Rfe1 a5 18.Nd3 a4 19.Nc5 axb3 20.axb3 Bf5 21.f3 h5 22.
Rxe8+ Rxe8 23.Re1 Qc6 24.Bf1 Kh7 25.Rxe8 Nxe8 26.Nd3 Qb6 27.Qb4 Qe6 28.Kf2
Qa6 29.Nc1 Qc6 30.Qc3 Nc7 31.Qxc6 bxc6 32.b4 Ne6 33.Ke3 Bh6+ 34.f4 g5 35.
Nd3 gxf4+ 36.Nxf4 h4 37.b5 hxg3 38.hxg3 cxb5 39.Bxb5 Nxf4 40.gxf4 Be4 41.
Ba3 1/2-1/2

[Event "POL-chT2"]
[Site "Jastrzebia Gora POL"]
[Date "2016.09.??"]
[Round "4.2"]
[White "Shkapenko, Pavel"]
[Black "Jakubiec, Artur"]
[Result "0-1"]
[WhiteElo "2426"]
[BlackElo "2523"]
[EventDate "2016.09.05"]

1.e4 c5 2.c3 Nf6 3.e5 Nd5 4.d4 cxd4 5.cxd4 d6 6.Nf3 Nc6 7.Bc4 dxe5 8.Bxd5 
Qxd5 9.Nc3 Qd6 10.d5 Nd4 11.Nxd4 exd4 12.Qxd4 e5 13.Qd3 Bd7 14.O-O Qg6 15.
Qxg6 hxg6 16.Re1 O-O-O 17.Be3 b6 18.a4 Bb4 19.Rec1 Kb7 20.Na2 Bd6 21.Nc3 
Rc8 22.a5 f5 23.axb6 axb6 24.b3 e4 25.g3 Be5 26.Bd2 Rc5 27.Na4 Rxd5 28.Bc3
Bxc3 29.Nxc3 Rd3 30.b4 Rc8 31.Ne2 Rxc1+ 32.Rxc1 g5 33.Nc3 g4 34.Kg2 Rd4 
35.h3 gxh3+ 36.Kxh3 g5 37.Rd1 Rxd1 38.Nxd1 Kc6 39.Nc3 Kd6 40.g4 fxg4+ 41.
Kg3 Ke5 42.b5 Kd4 43.Na4 Bxb5 44.Nxb6 Kc5 45.Nc8 Bd7 46.Ne7 Be6 47.Ng6 Kd6
48.Nh8 Ke7 0-1

[Event "POL-chT2"]
[Site "Jastrzebia Gora POL"]
[Date "2016.09.??"]
[Round "4.3"]
[White "Weichhold, Pawel"]
[Black "Mickiewicz, Piotr"]
[Result "1-0"]
[WhiteElo "2415"]
[BlackElo "2367"]
[EventDate "2016.09.05"]

1.e4 e5 2.Nf3 Nc6 3.d4 exd4 4.Nxd4 Bc5 5.Nxc6 Qf6 6.Qf3 Qxf3 7.gxf3 dxc6 
8.Be3 Bxe3 9.fxe3 Be6 10.Nd2 Ne7 11.Rg1 b6 12.f4 g6 13.O-O-O O-O-O 14.a3 
f6 15.Re1 c5 16.Nf3 Nc6 17.h4 Rhe8 18.e5 fxe5 19.Ba6+ Kb8 20.Bb5 Bd7 21.
Rd1 Kb7 22.Bxc6+ Bxc6 23.Nxe5 Be4 24.c3 Rd6 25.Rd2 Rxd2 26.Kxd2 Rd8+ 27.
Ke2 Rd6 28.Rg5 Bc2 29.Rg1 a5 30.Ng4 Bb3 31.Nf2 Bc4+ 32.Ke1 Ka6 33.Rg3 Kb5 
34.Ne4 Re6 35.Nd2 Bd3 36.Kf2 Bc2 37.Ke2 c4 38.Rg5+ c5 39.Rd5 h5 40.Re5 Rd6
41.Rg5 Bf5 42.e4 Bg4+ 43.Ke1 Rf6 44.e5 Rxf4 45.Rxg6 Rf5 46.a4+ Kxa4 47.
Rxb6 Rxe5+ 48.Kf1 Bf5 49.Kf2 Bd3 50.Kg3 Re2 51.Nf3 Bc2 52.Ng1 Re4 53.Nf3 
Bd1 54.Ng5 Rg4+ 55.Kf2 Rf4+ 56.Ke3 Rf5 57.Ne4 Rd5 58.Nd6 Bb3 59.Nb7 Bc2 
60.Kf3 Re5 61.Kf4 Rf5+ 62.Ke3 Rd5 63.Kf4 Bd3 64.Ke3 Rf5 65.b3+ Ka3 66.bxc4
Bc2 67.Nxa5 Ba4 68.Nb7 Ka2 69.Ra6 Kb3 70.Ke4 Bd7 71.Rd6 Bc8 72.Rd8 Bxb7+ 
73.Kxf5 Kxc4 74.Rb8 Bf3 75.Rg8 Be2 76.Ke4 Kxc3 77.Rg3+ Kc4 1-0

[Event "POL-chT2"]
[Site "Jastrzebia Gora POL"]
[Date "2016.09.??"]
[Round "4.4"]
[White "Bartel, Michal"]
[Black "Gazik, Viktor"]
[Result "1-0"]
[WhiteElo "2327"]
[BlackElo "2431"]
[EventDate "2016.09.05"]

1.e4 c5 2.Nf3 d6 3.Bb5+ Nd7 4.O-O Nf6 5.Re1 a6 6.Bd3 e5 7.c3 Be7 8.Bc2 O-O
9.a4 b6 10.d4 Qc7 11.Nbd2 Re8 12.d5 Bf8 13.b3 g6 14.h3 Nh5 15.Nf1 Qd8 16.
Bg5 Be7 17.Be3 Ra7 18.Qd2 Bf6 19.Ng3 Nf4 20.Ne2 g5 21.Kh2 Nf8 22.a5 Qd7 
23.Ng3 Nxg2 24.Kxg2 Qxh3+ 25.Kg1 Ng6 26.Bxg5 Bg4 27.Nh2 h6 28.Qd3 Bxg5 29.
Nf5 Bxf5 30.axb6 Rb7 31.exf5 Nf4 32.Qxh3 Nxh3+ 33.Kg2 Nf4+ 34.Kf3 Rxb6 35.
c4 Kf8 36.Ng4 Ke7 37.Ra3 Kd7 38.Rea1 Ra8 39.Rh1 Rh8 40.Rha1 Ra8 41.Rh1 Kc7
42.Nxh6 Rh8 43.Nxf7 Rxh1 44.Nxg5 Nh5 45.Ne4 Kd7 46.Kg4 Ke7 47.Kg5 Kf7 48.
f6 Nf4 49.Kf5 Nh3 50.b4 cxb4 51.Rxh3 Rxh3 52.Ng5+ Kf8 53.Nxh3 b3 54.Bb1 a5
55.Ng5 a4 56.Ke6 Rb7 57.f7 Kg7 58.c5 a3 59.cxd6 a2 60.d7 Rb8 61.Bxa2 bxa2 
62.Ke7 a1=Q 63.Ne6+ Kh6 64.f8=Q+ Rxf8 65.Nxf8 Qa7 66.d6 Kg5 67.Ne6+ Kg4 
68.Nc7 Qxf2 69.d8=Q Qh4+ 70.Kd7 Qh7+ 71.Qe7 1-0

[Event "POL-chT2"]
[Site "Jastrzebia Gora POL"]
[Date "2016.09.??"]
[Round "4.5"]
[White "Gmaj, Krzysztof"]
[Black "Barwinski, Dionizy"]
[Result "1-0"]
[WhiteElo "2183"]
[BlackElo "2065"]
[EventDate "2016.09.05"]

1.e4 c6 2.Nc3 d5 3.Qf3 dxe4 4.Nxe4 e6 5.Ne2 Nd7 6.N2g3 Ngf6 7.d4 Be7 8.Bd3
Nxe4 9.Nxe4 Nf6 10.c3 O-O 11.O-O Re8 12.Bf4 Nxe4 13.Qxe4 g6 14.Rfe1 Qd5 
15.Qe2 Bf6 16.Be4 Qa5 17.Bf3 Bd7 18.a3 Rad8 19.Rad1 Bc8 20.h3 h5 21.Be5 
Bxe5 22.dxe5 Rxd1 23.Rxd1 Rd8 24.Rd6 Rxd6 25.exd6 Bd7 26.Qe3 b6 27.b4 Qf5 
28.c4 Qf6 29.b5 cxb5 30.c5 bxc5 31.Qxc5 Qd8 32.Qxa7 f5 33.Qb7 Qe8 34.h4 e5
35.Bd5+ Kf8 36.Kf1 e4 37.Qa7 Qe5 38.Qxd7 Qa1+ 39.Ke2 Qb2+ 40.Ke3 Qc1+ 41.
Kd4 1-0

[Event "POL-chT2"]
[Site "Jastrzebia Gora POL"]
[Date "2016.09.??"]
[Round "4.6"]
[White "Gasik, Anna"]
[Black "Gazikova, Veronika"]
[Result "1/2-1/2"]
[WhiteElo "2184"]
[BlackElo "2231"]
[EventDate "2016.09.05"]

1.e4 Nf6 2.Nc3 d5 3.e5 Nfd7 4.d4 c5 5.f4 cxd4 6.Nce2 Nc5 7.Nxd4 Nc6 8.Ngf3
Bg4 9.Be3 e6 10.Be2 Be7 11.O-O O-O 12.h3 Nxd4 13.Bxd4 Bf5 14.Kh2 Qc7 15.c3
a6 16.Nd2 b5 17.g4 Bd3 18.Bxd3 Nxd3 19.Qc2 Nc5 20.Kg2 f6 21.Rae1 Rae8 22.
exf6 Bxf6 23.g5 Be7 24.g6 h6 25.f5 Bf6 26.Bxc5 Qxc5 27.fxe6 Qc6 28.Qf5 d4+
29.Rf3 dxc3 30.bxc3 Rd8 31.Re2 Rd5 32.Qe4 Rg5+ 33.Kh1 Qc5 34.Qe3 Qd5 35.
Qe4 Qc5 36.Qe3 Qxe3 37.Rfxe3 Be7 38.Rd3 Rxg6 39.Rd7 Re8 40.Ra7 Rg3 41.Ne4 
Rxh3+ 42.Kg2 Rh5 43.Rxa6 Re5 44.Ng3 Rg5 45.Kh3 Rc8 46.Re3 Rgc5 47.Ne2 Bg5 
48.Re4 Bf6 49.e7 Re8 50.Ra7 Kf7 51.Kg4 h5+ 52.Kf4 Rxe7 53.Rexe7+ Bxe7 54.
Nd4 g6 55.Rb7 Rxc3 56.Rxb5 Bd6+ 57.Ke4 Rc5 58.Rb7+ Rc7 59.Rxc7+ Bxc7 60.
Nf3 Kf6 61.Ke3 Bb6+ 62.Kf4 Bf2 63.a4 Bb6 64.Kg3 g5 65.Nxg5 Ke5 1/2-1/2

[Event "POL-chT2"]
[Site "Jastrzebia Gora POL"]
[Date "2016.09.??"]
[Round "4.7"]
[White "Skawinski, Arkadiusz"]
[Black "Szelag, Marcin"]
[Result "1/2-1/2"]
[WhiteElo "2340"]
[BlackElo "2449"]
[EventDate "2016.09.05"]

1.e4 c5 2.c3 e6 3.d4 d5 4.exd5 exd5 5.Nf3 Nc6 6.Bb5 Bd6 7.dxc5 Bxc5 8.O-O 
Ne7 9.Nbd2 O-O 10.Nb3 Bd6 11.Bd3 h6 12.h3 Bc7 13.Re1 Qd6 14.Be3 Rd8 15.
Nbd4 Nxd4 16.Bxd4 Nc6 17.Bc2 Nxd4 18.Qxd4 Bb6 19.Qe5 Be6 20.Qxd6 Rxd6 21.
Bb3 Rad8 22.Kf1 d4 23.Bxe6 fxe6 24.cxd4 Bxd4 25.Nxd4 Rxd4 26.Rxe6 Rd1+ 27.
Rxd1 Rxd1+ 28.Re1 Rd2 29.Re2 Rd1+ 30.Re1 Rd2 31.Re2 Rd1+ 32.Re1 Rd2 33.Re2
1/2-1/2

[Event "POL-chT2"]
[Site "Jastrzebia Gora POL"]
[Date "2016.09.??"]
[Round "4.8"]
[White "Przybylski, Wojciech"]
[Black "Luch, Michal"]
[Result "0-1"]
[WhiteElo "2364"]
[BlackElo "2436"]
[EventDate "2016.09.05"]

1.e4 c5 2.Nf3 d6 3.Bb5+ Nd7 4.d4 a6 5.Bxd7+ Bxd7 6.O-O cxd4 7.Qxd4 e5 8.
Qd3 h6 9.Nc3 Nf6 10.Nd2 Rc8 11.Nc4 Qc7 12.Ne3 Be7 13.Bd2 Be6 14.b3 O-O 15.
Rac1 b5 16.Ncd5 Nxd5 17.Nxd5 Qb7 18.Nxe7+ Qxe7 19.Bb4 Rfd8 20.Rfe1 Rc6 21.
Re3 Qg5 22.Ba5 Rd7 23.Rce1 Kh7 24.Rg3 Qh5 25.h3 f5 26.Bc3 f4 27.Rf3 g5 28.
Qd2 g4 29.hxg4 Bxg4 30.Rd3 Rg7 0-1

[Event "POL-chT2"]
[Site "Jastrzebia Gora POL"]
[Date "2016.09.??"]
[Round "4.9"]
[White "Butkiewicz, Lukasz"]
[Black "Urban, Klaudiusz"]
[Result "1-0"]
[WhiteElo "2441"]
[BlackElo "2419"]
[EventDate "2016.09.05"]

1.e4 e5 2.Nf3 Nf6 3.Nc3 Nc6 4.a3 Be7 5.d4 exd4 6.Nxd4 O-O 7.Nxc6 bxc6 8.e5
Ne8 9.Bd3 f6 10.exf6 Bxf6 11.Ne4 d5 12.Nxf6+ Qxf6 13.O-O Nd6 14.Be3 Bf5 
15.b3 a5 16.a4 Qg6 17.f3 Nb7 18.Bxf5 Qxf5 19.Qd2 c5 20.Bf2 c6 21.Rae1 Rfe8
22.Qc3 d4 23.Qc4+ Kf8 24.Bg3 Red8 25.Re5 Qf7 26.Qd3 Qg6 27.Re4 Re8 28.Qc4 
Re7 29.Bh4 Rf7 30.Rfe1 Qd6 31.Qa6 Qb8 32.Qxc6 Qc8 33.Be7+ Kg8 34.Qd5 Rb8 
35.Rf4 Qe8 36.Bh4 Qd7 37.Qxf7+ Qxf7 38.Rxf7 Kxf7 39.Re7+ Kf8 40.Rd7 c4 41.
Bg3 Nc5 42.Bd6+ Ke8 43.Re7+ Kd8 44.Bxc5 d3 45.cxd3 cxb3 46.Re1 1-0

[Event "POL-chT2"]
[Site "Jastrzebia Gora POL"]
[Date "2016.09.??"]
[Round "4.10"]
[White "Schmidt, Wlodzimierz"]
[Black "Plichta, Kamil"]
[Result "0-1"]
[WhiteElo "2305"]
[BlackElo "2342"]
[EventDate "2016.09.05"]

1.d4 Nf6 2.c4 g6 3.Nc3 Bg7 4.e4 d6 5.Nf3 O-O 6.Be2 e5 7.O-O Nc6 8.d5 Ne7 
9.Ne1 Nd7 10.Nd3 f5 11.Bd2 Nf6 12.f3 f4 13.c5 g5 14.Rc1 Ng6 15.Nb5 Rf7 16.
Ba5 b6 17.cxd6 cxd6 18.Be1 g4 19.Nb4 g3 20.Nc6 Qf8 21.hxg3 fxg3 22.Bxg3 
Bh6 23.Rc3 Bf4 24.Bxf4 Nxf4 25.Bd3 a6 26.Na3 Qh6 27.Rc2 Rg7 28.Rff2 N6h5 
29.g4 Nh3+ 30.Kf1 Ng3+ 31.Ke1 Qe3+ 32.Rfe2 Qxf3 33.Nc4 Bxg4 34.Nxd6 Nf2 
0-1

[Event "POL-chT2"]
[Site "Jastrzebia Gora POL"]
[Date "2016.09.??"]
[Round "4.11"]
[White "Bronowicki, Mateusz"]
[Black "Diczew, Filip"]
[Result "1-0"]
[WhiteElo "2277"]
[BlackElo "2139"]
[EventDate "2016.09.05"]

1.c4 e5 2.g3 Nc6 3.Bg2 g6 4.Nc3 Bg7 5.e4 d6 6.Nge2 Be6 7.d3 Qd7 8.h3 h5 9.
Bg5 f6 10.Be3 Nge7 11.h4 Nd8 12.Qd2 c6 13.b3 d5 14.cxd5 cxd5 15.d4 f5 16.
exf5 Nxf5 17.dxe5 Nc6 18.Rd1 Nxe5 19.Nxd5 Nxe3 20.Qxe3 Qf7 21.Ndf4 Bg4 22.
O-O g5 23.hxg5 h4 24.g6 Qe7 25.Nd5 Qd6 26.f4 Bxe2 27.Qxe2 Qc5+ 28.Qe3 
Qxe3+ 29.Nxe3 Nxg6 30.Be4 Ne7 31.g4 h3 32.Kh2 Rd8 33.Rxd8+ Kxd8 34.Rf3 Bd4
35.Nc4 Nc6 36.Rd3 Nb8 1-0

[Event "POL-chT2"]
[Site "Jastrzebia Gora POL"]
[Date "2016.09.??"]
[Round "4.12"]
[White "Warakomska, Anna"]
[Black "Zmarzly, Aleksandra"]
[Result "1-0"]
[WhiteElo "2267"]
[BlackElo "1973"]
[EventDate "2016.09.05"]

1.e4 e6 2.d4 d5 3.Nd2 a6 4.Ngf3 c5 5.dxc5 Bxc5 6.Bd3 Nf6 7.O-O Nc6 8.a3 
Ba7 9.b4 b5 10.Bb2 Bb7 11.Qe2 dxe4 12.Nxe4 Nd5 13.g3 Qe7 14.Rfe1 h5 15.c4 
bxc4 16.Bxc4 Nf6 17.Nxf6+ gxf6 18.b5 axb5 19.Bxb5 Kf8 20.Rac1 Nd8 21.Rcd1 
Bc6 22.Rxd8+ Rxd8 23.Bxc6 e5 24.Be4 Rb8 25.Nh4 Qc5 26.Bc1 Bb6 27.Nf5 Ba5 
28.Rd1 Rd8 29.Bh6+ Ke8 30.Rc1 1-0

[Event "POL-chT2"]
[Site "Jastrzebia Gora POL"]
[Date "2016.09.??"]
[Round "4.13"]
[White "Cyborowski, Lukasz"]
[Black "Praszak, Michal"]
[Result "1-0"]
[WhiteElo "2530"]
[BlackElo "2140"]
[EventDate "2016.09.05"]

1.d4 Nf6 2.c4 g6 3.Nc3 Bg7 4.e4 O-O 5.Be3 d6 6.f3 Nbd7 7.Qd2 c5 8.Nge2 a6 
9.Rd1 Qa5 10.Nc1 cxd4 11.Bxd4 Qc7 12.Nb3 b6 13.Be2 Bb7 14.O-O Rfd8 15.Nd5 
Bxd5 16.cxd5 Nc5 17.Rc1 Qd7 18.Be3 Nxb3 19.axb3 b5 20.Rfd1 e6 21.dxe6 Qxe6
22.Rc6 Qxb3 23.e5 Ne8 24.Bg5 f6 25.exf6 Bxf6 26.Bxf6 Nxf6 27.Ra1 Rac8 28.
Raxa6 Rxc6 29.Rxc6 Nd5 30.Bc4 bxc4 31.Qxd5+ Kf8 32.Qd4 Kg8 33.Rc7 1-0

[Event "POL-chT2"]
[Site "Jastrzebia Gora POL"]
[Date "2016.09.??"]
[Round "4.14"]
[White "Stoma, Pawel"]
[Black "Nurkiewicz, Maciej"]
[Result "0-1"]
[WhiteElo "2346"]
[BlackElo "2373"]
[EventDate "2016.09.05"]

1.c4 g6 2.g3 Bg7 3.Bg2 Nf6 4.Nc3 O-O 5.e3 e5 6.Nge2 Nc6 7.O-O d6 8.d4 exd4
9.exd4 Bf5 10.h3 h5 11.a3 Re8 12.Be3 Qd7 13.Kh2 Ne4 14.Rc1 Na5 15.Nd5 c6 
16.Nb4 b5 17.cxb5 cxb5 18.Nd5 Nc4 19.b3 Nxe3 20.fxe3 Rac8 21.Rxc8 Qxc8 22.
Nef4 Qd7 23.Qe2 Nf6 24.Nb4 Be4 25.Nfd5 Nxd5 26.Nxd5 Qc6 27.Nb4 Qb7 28.Bxe4
Qxe4 29.Qf3 Qxf3 30.Rxf3 Rc8 31.Nd5 Kf8 32.Rf2 Ke8 33.Kg2 Rc1 34.Ra2 a5 
35.a4 b4 36.Rd2 f5 37.Kf2 Kf7 38.Rd3 Bf6 39.Nb6 Bd8 40.Nd5 h4 41.Nf4 hxg3+
42.Kxg3 g5 43.Ne2 Rb1 44.Kf3 d5 45.Kf2 Bc7 46.Ng1 Kg6 47.Nf3 Kh5 48.Kg2 
Rb2+ 49.Kg1 Bd6 50.Ne5 Rc2 51.Kf1 g4 52.hxg4+ fxg4 53.e4 dxe4 54.Re3 Bxe5 
55.dxe5 Kg5 56.Rxe4 Kf5 57.Rd4 g3 58.Rd5 Ke4 59.Rd8 Kxe5 60.Ra8 Rc5 61.Kg2
Kd4 62.Rg8 Kc3 63.Rxg3+ Kb2 64.Kf2 Rc3 65.Rg5 Kxb3 66.Rxa5 Ka2 0-1

[Event "POL-chT2"]
[Site "Jastrzebia Gora POL"]
[Date "2016.09.??"]
[Round "4.15"]
[White "Szymanski, Marcin"]
[Black "Lobejko, Rafal"]
[Result "0-1"]
[WhiteElo "2398"]
[BlackElo "2341"]
[EventDate "2016.09.05"]

1.d4 Nf6 2.c4 g6 3.Nc3 Bg7 4.e4 O-O 5.Nf3 d6 6.Be2 e5 7.O-O Nc6 8.d5 Ne7 
9.Ne1 Ne8 10.Be3 f5 11.f3 h5 12.c5 Kh7 13.Nd3 f4 14.Bf2 g5 15.Rc1 Bh6 16.
Nb5 Bd7 17.a4 Ng6 18.Rc3 a6 19.Na3 g4 20.fxg4 Qg5 21.gxh5 Nh4 22.Bxh4 Qxh4
23.cxd6 cxd6 24.Nf2 Rg8 25.Bf3 b5 26.axb5 axb5 27.Nc2 Nf6 28.Rc7 Rg7 29.
Kh1 Rag8 30.Ne1 Kh8 31.b4 Bg5 32.Qe2 Ne8 33.Rb7 Bd8 34.Rb8 Bc7 35.Rb7 Qd8 
36.Qc2 Bb6 37.Qe2 Rg5 38.Ned3 Be3 39.Ra1 Qc8 40.Rxd7 Qxd7 41.Ra6 Bd4 42.
Rc6 R5g7 43.Qa2 Qd8 44.Qe2 Qh4 45.Rc8 Nf6 46.Rc6 Ne8 47.Rc8 Nf6 48.Rc6 
Nxh5 49.Kg1 Rh7 50.Qa2 Qxh2+ 51.Kxh2 Ng3+ 52.Nh3 Nf1+ 53.Kh1 Rxh3+ 0-1

[Event "POL-chT2"]
[Site "Jastrzebia Gora POL"]
[Date "2016.09.??"]
[Round "4.16"]
[White "Miroslaw, Michal"]
[Black "Protaziuk, Grzegorz"]
[Result "1/2-1/2"]
[WhiteElo "2283"]
[BlackElo "2349"]
[EventDate "2016.09.05"]

1.e4 c5 2.Nf3 e6 3.d4 cxd4 4.Nxd4 a6 5.Bd3 Bc5 6.Nb3 Be7 7.Nc3 d6 8.O-O 
Nf6 9.Be3 Qc7 10.f4 Nc6 11.Kh1 b5 12.Qf3 Bb7 13.Rae1 Nb4 14.Qg3 g6 15.Bd4 
Nxd3 16.cxd3 b4 17.Ne2 O-O 18.Rc1 Qd8 19.Nd2 Rc8 20.Rxc8 Qxc8 21.Rc1 Qd7 
22.Nf3 Rc8 23.Qe1 Qb5 24.Rxc8+ Bxc8 25.Qc1 Bd7 26.Qc2 Qb8 27.b3 Bb5 28.
Bxf6 Bxf6 29.Ned4 Bd7 30.Qc4 Qb6 31.e5 Be7 32.exd6 Qxd6 33.Ne5 Be8 34.h3 
Kg7 35.Ndc6 Bf8 36.Qxa6 f6 37.Qb7+ Kg8 38.Ng4 Qxf4 39.Ne7+ Kh8 40.Qc8 Qf1+
41.Kh2 Qf4+ 42.g3 Qd6 43.Nxf6 Qxd3 44.Qxe6 Bf7 45.Qxf7 Qe2+ 46.Kg1 Qe1+ 
47.Kg2 1/2-1/2